| 000 | 00400nam a2200157Ia 4500 | ||
|---|---|---|---|
| 008 | 230312s9999||||xx |||||||||||||| ||und|| | ||
| 020 | _a0-07-072158-0 | ||
| 082 |
_a791.450 _bWUR-T |
||
| 100 | _aALAN WURTZEL | ||
| 245 | 0 | _aVideo Field Production | |
| 260 |
_bMcGraw Hill _aNew York _c1995 |
||
| 300 | _a749 | ||
| 546 | _aEng. | ||
| 650 |
_aArchitecture _vIdeas , Images , and Sounds |
||
| 942 | _cBK | ||
| 999 |
_c4584 _d4584 |
||